Slovensko potrebuje novú regionalizáciu územia z hľadiska cestovného ruchu

Nové územnosprávne usporiadanie Slovenska od r. 1996 si vyžaduje aj nové spracovanie regionalizácie územia z hľadiska cestovného ruchu. Regionalizácia oblastí cestovného ruchu. Legislatíva.

Guardado en:
Detalles Bibliográficos
Autor principal: Černáková, S.
Formato: Capítulo de libro
Lenguaje:eslovaco
Materias:
Etiquetas: Agregar Etiqueta
Sin Etiquetas, Sea el primero en etiquetar este registro!

MARC

LEADER 00000naa a2200000 4500
001 r026430
005 20230724103932.4
041 0 |a slo 
044 |a SK 
245 1 0 |a Slovensko potrebuje novú regionalizáciu územia z hľadiska cestovného ruchu  |c S. Černáková 
520 |a Nové územnosprávne usporiadanie Slovenska od r. 1996 si vyžaduje aj nové spracovanie regionalizácie územia z hľadiska cestovného ruchu. Regionalizácia oblastí cestovného ruchu. Legislatíva. 
610 2 0 |a ruch cestovný 
610 2 0 |a Slovensko 
610 2 0 |a regionalizácia 
610 2 0 |a rajonizácia 
610 2 0 |a plánovanie územné 
610 2 0 |a regióny 
610 2 0 |a legislatíva 
100 1 |a Černáková, S.